El cine (Record no. 107078)

MARC details
000 -LEADER
campo de control de longitud fija 00583nam a2200193 i 4500
001 - NÚMERO DE CONTROL
campo de control 107078
003 - IDENTIFICADOR DE NÚMERO DE CONTROL
campo de control ES-MaACL
005 - FECHA Y HORA DE LA ÚLTIMA TRANSACCIÓN
campo de control 20250516063030.0
007 - CAMPO FIJO DE DESCRIPCIÓN FÍSICA--INFORMACIÓN GENERAL
campo de control de longitud fija t|
008 - DATOS DE LONGITUD FIJA--INFORMACIÓN GENERAL
campo de control de longitud fija 061121s1950 sp r ||||1| spa d
100 1# - ENTRADA PRINCIPAL--NOMBRE DE PERSONA
Nombre de persona Morales, María Luz,
Fechas asociadas al nombre 1889-1980
9 (RLIN) 83001
245 13 - MENCIÓN DEL TÍTULO
Título El cine
Resto del título : historia ilustrada del séptimo arte /
Mención de responsabilidad, etc. por María Luz Morales.
250 ## - MENCION DE EDICION
Mención de edición 1ª ed.
260 ## - PUBLICACIÓN, DISTRIBUCIÓN, ETC.
Lugar de publicación, distribución, etc. Barcelona :
Nombre del editor, distribuidor, etc. Salvat,
Fecha de publicación, distribución, etc. 1950.
300 ## - DESCRIPCIÓN FÍSICA
Extensión 3 v. :
Otras características físicas 31 lám col., il. ;
Dimensiones 21 cm.
650 #4 - PUNTO DE ACCESO ADICIONAL DE MATERIA--TÉRMINO DE MATERIA
Término de materia o nombre geográfico como elemento de entrada Cine-
Subdivisión de forma Historia.
9 (RLIN) 171029
852 ## - LOCALIZACIÓN
Ubicación ES-MaACL
Número de control de estantería B-7837-39
Holdings
Estatus retirado Estado de pérdida Estado de daño No para préstamo Biblioteca de origen Biblioteca actual Ubicación en estantería Fecha de adquisición Fuente de adquisición Total de préstamos Signatura topográfica completa Código de barras Visto por última vez Precio de reemplazo Tipo de ítem Koha
        Biblioteca del Ateneo de Madrid Biblioteca del Ateneo de Madrid Sala Pardo Bazán 17/01/2008     B-7837-39 1111762 23/02/2023 23/02/2023 Libro impreso